| 000 | 01279nam a22002655i 4500 | ||
|---|---|---|---|
| 001 | 165654 | ||
| 003 | ES-MaACL | ||
| 005 | 20250826150933.0 | ||
| 008 | 050831s1842 sp | |||||||| ||spa d | ||
| 040 |
_aCAM _bspa _cCAM |
||
| 080 | _a821.133.1-23"18" | ||
| 100 | 1 |
_aSouvestre, Émile, _d1806-1854 _9107604 |
|
| 245 | 1 | 3 |
_aEl tío Pablo o La educación _b: comedia en dos actos / _cescrita en francés por Émile Souvestre ; (traducción de J. de la C. Tirado ). |
| 260 |
_aMadrid : _b[s.n., _c1842] ( _fImprenta de F. Suárez) |
||
| 300 |
_a32 p. ; _c25 cm. |
||
| 490 | 1 | _aMuseo Dramático. Colección de comedias del teatro estrangero [sic] representadas en los principales de la Corte | |
| 500 | _aRepresentada por primera vez en Madrid en el Teatro de la Cruz el día 27 de mayo de 1842. | ||
| 594 | _aDatos tomados de la primera p. de texto, sin port. | ||
| 596 | _aPie de imp. consta en colofón. | ||
| 700 | 1 |
_aTirado, Juan de la Cruz, _dn. 1812 _9133264 |
|
| 740 | 3 | _aLa educación. | |
| 830 | 0 | 0 |
_aMuseo dramático ó Colección de comedias del teatro estranjero representadas en los principales teatros de la corte _9242030 |
| 852 |
_aES-MaACL _jF-7488(3) _z-- Enc. hol., falto de la enc. original en vol. facticio |
||
| 999 |
_c165654 _d165654 |
||